[Event "CZE-chT2E 1920"]
[Site "Czech Republic"]
[Date "2020.01.26"]
[Round "7.5"]
[White "Slepov, Kyryl"]
[Black "Havranek, Michal"]
[Result "0-1"]
[WhiteElo "1994"]
[BlackElo "1961"]
[PlyCount "128"]
[EventDate "2019.10.13"]
[EventType "team-tourn"]
[EventRounds "11"]
[EventCountry "CZE"]
[SourceTitle "EXT 2024"]
[Source "ChessBase"]
[SourceDate "2023.10.10"]
[SourceVersion "1"]
[SourceVersionDate "2023.10.10"]
[SourceQuality "1"]
[WhiteTeam "Jundrov Jezdci"]
[BlackTeam "Borsice"]
[WhiteTeamCountry "CZE"]
[BlackTeamCountry "CZE"]

1. e4 c6 2. d4 d5 3. exd5 cxd5 4. Bd3 Nf6 5. c3 Nc6 6. Bf4 Bg4 7. Qb3 Qc8 8. Nd2 e6 9. Ngf3 Be7 10. 0-0 0-0 11. Rae1 Bh5 12. Ne5 Nxe5 13. Bxe5 Bg6 14. Bxg6 hxg6 15. Bxf6 Bxf6 16. f4 Qc7 17. Re3 b5 18. a3 a5 19. g4 b4 20. axb4 axb4 21. g5 bxc3 22. bxc3 Rfb8 23. Qd1 Be7 24. Qe1 Ra2 25. Rh3 Bd6 26. Qh4 Kf8 27. Nf3 Qxc3 28. Qh8+ Ke7 29. Qxg7 Qe3+ 30. Kh1 Qxf4 31. Qf6+ Qxf6 32. gxf6+ Kxf6 33. Rh7 Ke7 34. Ng5 Kd7 35. Nxf7 Be7 36. Ne5+ Kd6 37. Nxg6 Bf6 38. Rh6 Bxd4 39. Nf4 Re8 40. Re1 Ra1 41. Rxa1 Bxa1 42. Kg2 Bc3 43. Rg6 Ke5 44. Kf3 Bd2 45. Nd3+ Kf5 46. Rg2 Bh6 47. Ra2 e5 48. Nf2 Rb8 49. Ra5 Rb3+ 50. Kg2 d4 51. Kf1 Kf4 52. Ra6 Bg5 53. Rg6 Kf5 54. Rg8 Bh4 55. Nd1 e4 56. Rh8 Bf6 57. Re8 Rb1 58. Ke1 d3 59. Kd2 Bg5+ 60. Ne3+ Bxe3+ 61. Kxe3 Re1+ 62. Kd2 Re2+ 63. Kc3 Rc2+ 64. Kb3 Rxh2 0-1

[Event "CZE-chT2E 1920"]
[Site "Czech Republic"]
[Date "2019.12.15"]
[Round "5.8"]
[White "Smid, Jan Sr"]
[Black "Slepov, Kyryl"]
[Result "0-1"]
[WhiteElo "1895"]
[BlackElo "1994"]
[PlyCount "138"]
[EventDate "2019.10.13"]
[EventType "team-tourn"]
[EventRounds "11"]
[EventCountry "CZE"]
[SourceTitle "EXT 2024"]
[Source "ChessBase"]
[SourceDate "2023.10.10"]
[SourceVersion "1"]
[SourceVersionDate "2023.10.10"]
[SourceQuality "1"]
[WhiteTeam "Stare Mesto II"]
[BlackTeam "Jundrov Jezdci"]
[WhiteTeamCountry "CZE"]
[BlackTeamCountry "CZE"]

1. d4 Nf6 2. Nf3 d5 3. Bf4 c5 4. e3 Nc6 5. c3 Qb6 6. Qc1 Bf5 7. Nbd2 e6 8. Nh4 Be4 9. Nhf3 Bg6 10. h3 h6 11. Be2 Be7 12. 0-0 0-0 13. Ne5 Nxe5 14. Bxe5 Rfc8 15. dxc5 Bxc5 16. Bd4 Qd6 17. Bxc5 Rxc5 18. Qd1 Rb8 19. a4 a6 20. a5 Rc7 21. Nc4 Qe7 22. Nb6 Rd8 23. Bd3 Bxd3 24. Qxd3 Ne4 25. Rfd1 Qh4 26. Qe2 f5 27. Rd4 Qf6 28. f3 Nd6 29. Rad1 Re8 30. Rf1 Qd8 31. Ra1 Rc5 32. Rb4 Qc7 33. Qd1 Rf8 34. Qd4 Nb5 35. Qd2 Rf6 36. Kh1 Rg6 37. Qf2 Na7 38. Raa4 Nc6 39. Rf4 Rxa5 40. Rxa5 Nxa5 41. Rb4 Nc6 42. Rb3 Ne5 43. Qe2 Rg3 44. f4 Nf7 45. c4 dxc4 46. Nxc4 b5 47. Nd2 e5 48. Rc3 Qd6 49. Rc8+ Kh7 50. Nf1 Rg6 51. Qh5 Qd5 52. Rc2 Qd3 53. Qe2 Qd5 54. Rd2 Qe6 55. Qd1 Nd6 56. fxe5 Ne4 57. Rc2 Qxe5 58. Qf3 Rd6 59. Kg1 a5 60. Qe2 Qd5 61. Kh2 a4 62. Qe1 Qe5+ 63. Kg1 Rd3 64. Qe2 Qd5 65. Qf3 Rd1 66. Rf2 Nxf2 67. Kxf2 Qxf3+ 68. gxf3 Rxf1+ 69. Kxf1 b4 0-1